56. fırka harb ceridelerinden Miralay Bekir Sami Günsav'ın milli mücadele anıları (Kayıt no. 10779)

MARC ayrıntıları
000 -BAŞLIK
Sabit Uzunlukta Kontrol Alanı 01070na a2200289 4500
001 - KONTROL NUMARASI
Denetim Alanı 24263
003 - KONTROL NUMARASI IDENTIFIER
Denetim Alanı MIRAKIL
005 - SON İŞLEM TARİHİ VE ZAMANI
Denetim Alanı 20181213155333.0
008 - SABİT-BOY VERİ ELEMANLARI - GENEL BİLGİLER
Sabit Uzunlukta Kontrol Alanı 180904b tu 000 0
020 ## - ULUSLARARASI STANDART KİTAP NUMARASI
Uluslararası Standart Kitap Numarası 9789751632265
040 ## - KATALOGLAMA KAYNAK
Orijinal Kataloglama Ajansı Milas
Kataloglama Dili tur
Metne Dönüştürmek Ajansı TR-AnCHP
041 ## - DİL KODU
Metin / Ses Parça Veya Ayrı Başlığın Dil Kodu tur
082 ## - DEWEY ONLU SINIFLANDIRMA NUMARASI
Sınıflandırma Numarası 956.1023
Ürün Numarası E44 2016
090 ## - SINIFLAMA NUMARASI
Sınıflama Numarası 956.1023 E44 2016
245 ## - BAŞLIK TABLOSU
Başlık 56. fırka harb ceridelerinden Miralay Bekir Sami Günsav'ın milli mücadele anıları
Sorumluluk Tablosu, Vb yayına hazırlayan Muhittin Ünal
260 ## - YAYIN, DAĞITIM, VB
Yayın, Dağıtım, Vb Yeri Ankara
Yayıncı, Dağıtıcı, Vs Adı Türk Tarih Kurumu
Yayın, Dağıtım, Vb Tarihi 2016
300 ## - FİZİKSEL TANIM
Kapsam 2 c. (1. c. xix, 633 s. ; 2. c. vi. [635]-1298 s.)
Diğer Fiziksel Ayrıntıları res.; tbl.
Boyutlar 24 sm.
440 ## - SERİSİ TABLOSU / KATMA GİRİŞİ - BAŞLIK
Başlık AKDTYK Türk Tarih Kurumu yayınları
Hacim / Ardışık Tanımı III-4. dizi-sayı 19a, 19b
504 ## - KAYNAKÇA VB NOT
Kaynakça Vb Notu Dizin var.
600 ## - KONU KATMA GİRİŞ - KURUMSAL ADI
Kişisel Ad Günsav, Bekir Sami
Bir Adıyla İlişkilendirilen Tarihler 1879-1934
Genel Alt Bölümü Anılar
600 ## - KONU KATMA GİRİŞ - KURUMSAL ADI
Kişisel Ad Günsav, Bekir Sami
Bir Adıyla İlişkilendirilen Tarihler 1879-1934
Genel Alt Bölümü Yaşamöyküsü
650 ## - KONU KATMA GİRİŞ - TOPİKAL DÖNEM
Topikal Süreli Veya Coğrafi Ad Giriş Elemanı Kurtuluş Savaşı, 1918-1923
Genel Alt Bölümü Türkiye
-- Tarih
650 ## - KONU KATMA GİRİŞ - TOPİKAL DÖNEM
Topikal Süreli Veya Coğrafi Ad Giriş Elemanı Türkiye
Genel Alt Bölümü Milli Mücadele Dönemi
Kronolojik Alt Bölümü 1919-1921
650 ## - KONU KATMA GİRİŞ - TOPİKAL DÖNEM
Topikal Süreli Veya Coğrafi Ad Giriş Elemanı Türkiye
Genel Alt Bölümü Tarih
Kronolojik Alt Bölümü 20. yy.
700 ## - KATMA GİRİŞ - KİŞİSEL İSİM
Kişisel Ad Ünal, Muhittin
Relator Terim yay. haz.
942 ## - EKLENDİ GİRİŞ ELEMANLARI (KOHA)
Sınıflandırma Veya Raf Düzeni Kaynak
Koha Öğesi Türü Kitaplar
999 ## - SİSTEM KONTROL NUMARALARI (KOHA)
Koha Biblionumber 10779
Koha Biblioitemnumber 10779
Mevcut
Kalıcı Konum Mevcut Konum Edinme Tarihi Edinim Kaynak Toplam Check-Out'Lar Tam Çağrı Numarası Barkod Tarih Son Görülme İtibaren Geçerli Fiyatlar Koha Öğesi Türü
CHP Kütüphanesi CHP Kütüphanesi 09/04/2018 Bağış   956.1023 E44 2016 018355 09/04/2018 09/04/2018 Kitaplar